[Event "AUTO-INT-3571"]
[Site "http://www.queenalice.com/game.php?id=1623352"]
[Date "2020.8.11"]
[Round "1"]
[White "goodknight57"]
[Black "Football_rules"]
[Result "0-1"]
[WhiteElo "1561"]
[BlackElo "1637"]

1. e4 e5 2. Nf3 d6 3. d4 exd4 4. Nxd4 Nf6 5. Nc3 a6 6. Bd3 Be7 7. O-O Bg4 8. f3
Bh5 9. Bg5 h6 10. Bh4 Nbd7 11. Nf5 O-O 12. Nxe7+ Qxe7 13. Nd5 Qd8 14. Nxf6+ Nxf6
15. Re1 c5 16. e5 dxe5 17. Bxf6 Qxf6 0-1

[Event "AUTO-INT-3571"]
[Site "http://www.queenalice.com/game.php?id=1623353"]
[Date "2020.8.11"]
[Round "1"]
[White "Football_rules"]
[Black "goodknight57"]
[Result "1-0"]
[WhiteElo "1678"]
[BlackElo "1576"]

1. e4 c5 2. Bc4 e6 3. d3 Nc6 4. c3 Nf6 5. h3 d5 6. Bb5 Bd7 7. exd5 exd5 8. Nf3
Bd6 9. c4 d4 10. O-O O-O 11. Bd2 a6 12. Ba4 Bf5 13. Bg5 h6 14. Bxh6 gxh6 15. Qd2
Kh7 16. a3 Nh5 17. Bc2 Nf4 18. Qc1 Bxd3 19. Bxd3+ 1-0

[Event "AUTO-INT-3571"]
[Site "http://www.queenalice.com/game.php?id=1623356"]
[Date "2020.8.11"]
[Round "1"]
[White "goodknight57"]
[Black "Nuzzera"]
[Result "0-1"]
[WhiteElo "1644"]
[BlackElo "1645"]

1. e4 e5 2. Nf3 Nc6 3. d4 exd4 4. Nxd4 Ne5 5. Nc3 Bb4 6. Bd2 c5 7. Nf5 g6 8.
Nd6+ Kf8 9. a3 Ba5 10. b4 cxb4 11. axb4 Bxb4 0-1

[Event "AUTO-INT-3571"]
[Site "http://www.queenalice.com/game.php?id=1623357"]
[Date "2020.8.11"]
[Round "1"]
[White "Nuzzera"]
[Black "goodknight57"]
[Result "1-0"]
[WhiteElo "1661"]
[BlackElo "1628"]

1. e3 e5 2. Qh5 Nc6 3. Bb5 Bd6 4. Bc4 Qe7 5. Qg4 Qf6 6. Nf3 Nh6 7. Qh3 g5 8. Qh5
O-O 9. Nxg5 Nb4 10. Ne4 Qg6 11. Qf3 Qf5 12. Qg3+ 1-0

[Event "AUTO-OPEN-4203"]
[Site "http://www.queenalice.com/game.php?id=1623549"]
[Date "2020.8.12"]
[Round "1"]
[White "Deneb"]
[Black "goodknight57"]
[Result "0-1"]
[WhiteElo "2349"]
[BlackElo "1548"]

1. d4 Nf6 2. c4 e6 3. Nc3 Bb4 4. Qc2 O-O 5. a3 Bxc3+ 6. Qxc3 d5 7. Nf3 b6 8. Bg5
Nbd7 9. cxd5 exd5 10. Ne5 Nxe5 11. dxe5 Ne4 12. Bxd8 Nxc3 13. Bxc7 Nb5 14. Rc1
Nxc7 15. Rxc7 Re8 16. f4 Kf8 17. e3 Be6 18. Kd2 Rec8 19. Rxc8+ Rxc8 20. Bd3 Bd7
21. Rc1 Rxc1 22. Kxc1 g6 23. Kd2 Be6 24. Kc3 Ke7 25. Kd4 a5 26. Bb5 f5 0-1

[Event "AUTO-OPEN-4203"]
[Site "http://www.queenalice.com/game.php?id=1623550"]
[Date "2020.8.12"]
[Round "1"]
[White "goodknight57"]
[Black "Deneb"]
[Result "0-1"]
[WhiteElo "1563"]
[BlackElo "2348"]

1. e4 c5 2. Nf3 d6 3. d4 cxd4 4. Nxd4 Nf6 5. Nc3 a6 6. Bg5 e6 7. f4 h6 8. Bxf6
Qxf6 9. g3 g5 10. Bg2 gxf4 11. O-O Qg7 12. gxf4 Rg8 13. Rf2 Bd7 14. Nb3 Nc6 15.
Qd2 O-O-O 16. Rd1 Kb8 17. Qe3 Qg4 18. Rd3 Be7 19. h3 Qh5 20. Kf1 Na5 21. Qf3
Qxf3 22. Bxf3 Nc4 23. Nd1 Bh4 24. Rg2 e5 25. Rxg8 Rxg8 26. f5 Bd8 0-1

[Event "AUTO-OPEN-4203"]
[Site "http://www.queenalice.com/game.php?id=1623571"]
[Date "2020.8.12"]
[Round "1"]
[White "rich"]
[Black "goodknight57"]
[Result "1-0"]
[WhiteElo "2088"]
[BlackElo "1567"]

1. e4 c5 2. Nf3 d6 3. d4 cxd4 4. Nxd4 Nf6 5. Nc3 a6 6. Bg5 e6 7. f4 Be7 8. Qf3
Qc7 9. O-O-O Nbd7 10. g4 b5 11. Bxf6 Nxf6 12. g5 Nd7 13. Rg1 O-O 14. h4 Bb7 15.
h5 b4 16. Nce2 d5 17. e5 Bc5 18. Qg4 Qb6 19. Rg3 a5 20. g6 h6 21. gxf7+ Rxf7 22.
Nxe6 Bf2 23. Nxg7 Bxg3 24. Ne6+ 1-0

[Event "AUTO-OPEN-4203"]
[Site "http://www.queenalice.com/game.php?id=1623572"]
[Date "2020.8.12"]
[Round "1"]
[White "goodknight57"]
[Black "rich"]
[Result "0-1"]
[WhiteElo "1565"]
[BlackElo "2090"]

1. e4 c5 2. Nf3 Nc6 3. d4 cxd4 4. Nxd4 Qb6 5. Be3 Qxb2 6. Nxc6 bxc6 7. Bd4 Qb8
8. Nc3 e5 9. Be3 Nf6 10. Bd3 Be7 11. O-O O-O 12. Rb1 Qc7 13. Bg5 d6 14. Bxf6
Bxf6 15. Qd2 Be6 16. Rb2 Rab8 17. Rxb8 Rxb8 18. Rb1 Rxb1+ 19. Nxb1 d5 20. exd5
cxd5 21. Nc3 e4 22. Nb5 Qb6 23. Be2 a6 24. Nc3 Qa5 0-1

[Event "AUTO-OPEN-4203"]
[Site "http://www.queenalice.com/game.php?id=1623585"]
[Date "2020.8.12"]
[Round "1"]
[White "goodknight57"]
[Black "Prosperidade"]
[Result "0-1"]
[WhiteElo "1578"]
[BlackElo "1943"]

1. e4 e5 2. Nf3 d6 3. d4 exd4 4. Nxd4 a6 5. Nc3 c5 6. Nf3 Nc6 7. Bd3 Nf6 8. O-O
Be7 9. Bg5 h6 10. Bxf6 Bxf6 11. Qd2 Bg4 12. Be2 O-O 13. Rab1 Re8 14. h3 Bh5 15.
Rfd1 Bxc3 16. Qxc3 Rxe4 17. Qd3 Qe8 18. Re1 Bxf3 19. gxf3 Re6 0-1

[Event "AUTO-OPEN-4203"]
[Site "http://www.queenalice.com/game.php?id=1623586"]
[Date "2020.8.12"]
[Round "1"]
[White "Prosperidade"]
[Black "goodknight57"]
[Result "0-1"]
[WhiteElo "1707"]
[BlackElo "1608"]

1. Nf3 d5 2. d4 Nf6 3. c4 e6 4. cxd5 exd5 5. Nc3 Bb4 6. a3 Bxc3+ 7. bxc3 O-O 8.
Bg5 Nbd7 9. e3 h6 10. Bh4 b6 11. c4 Bb7 12. cxd5 Bxd5 13. Be2 Rb8 14. O-O Bxf3
15. Bxf3 Re8 16. Bc6 Re6 17. Qc2 Qe7 18. Rfc1 Qd6 19. Bg3 Qe7 20. Qa4 a5 21. Bf3
Ne8 22. Bg4 Rd8 23. Bxe6 Qxe6 24. Bxc7 Rc8 25. Bg3 Rxc1+ 26. Rxc1 Nef6 27. Rc8+
Nf8 28. Qc6 Qxc6 29. Rxc6 N8d7 30. Rd6 b5 31. Be5 Nxe5 32. dxe5 Ne4 33. Rd5 Nc3
34. Rc5 b4 35. axb4 axb4 36. Rc8+ Kh7 37. Rb8 Na2 38. f4 Kg6 0-1

[Event "Challenge"]
[Site "http://www.queenalice.com/game.php?id=1636834"]
[Date "2020.12.17"]
[Round "-"]
[White "kd4hls"]
[Black "goodknight57"]
[Result "0-1"]
[WhiteElo "1613"]
[BlackElo "1597"]

1. d4 Nf6 2. Bf4 e6 3. e3 d5 4. Be2 Bd6 5. Bg5 O-O 6. Nf3 h6 7. Bxf6 Qxf6 8. O-O
Nc6 9. c4 Bd7 10. c5 Be7 11. a3 Rfb8 12. Nc3 b6 13. Nb5 Rc8 14. b4 bxc5 15. bxc5
a6 16. Nc3 Na5 17. Ne5 Be8 18. Bd3 Nc6 19. Ng4 Qh4 20. Qf3 f5 21. Ne5 Nxe5 22.
dxe5 Bxc5 23. Qf4 Qxf4 24. exf4 Bd4 25. Rac1 Bxc3 26. Rxc3 d4 27. Rb3 Bb5 28.
Bxb5 axb5 29. Ra1 c6 30. Rb4 Ra4 31. Rxa4 bxa4 32. h3 c5 33. Rd1 Kf7 34. g3 Ke7
35. Kg2 Kd7 36. Kf3 Rb8 37. Rd3 Rb3 38. Ke2 Rb2+ 39. Kf3 Rb3 40. Ke2 Rxd3 41.
Kxd3 Kc6 42. f3 Kd5 43. g4 fxg4 44. fxg4 g6 45. h4 c4+ 46. Ke2 Ke4 47. g5 hxg5
48. fxg5 Kxe5 49. h5 gxh5 0-1

[Event "Challenge"]
[Site "http://www.queenalice.com/game.php?id=1639780"]
[Date "2021.1.13"]
[Round "-"]
[White "kd4hls"]
[Black "goodknight57"]
[Result "1-0"]
[WhiteElo "1635"]
[BlackElo "1628"]

1. d4 Nf6 2. Bf4 d5 3. e3 Bf5 4. Be2 e6 5. Nf3 Bd6 6. Bg5 Nbd7 7. O-O O-O 8. c4
h6 9. Bh4 Be4 10. c5 Be7 11. b4 a6 12. Nc3 Bxf3 13. Bxf3 e5 14. Bxd5 Nxd5 15.
Nxd5 Bxh4 16. dxe5 Nxe5 17. a4 c6 18. Nb6 Qxd1 19. Rfxd1 Rad8 20. h3 Rxd1+ 21.
Rxd1 Bd8 22. Nd7 Nxd7 23. Rxd7 1-0

[Event "Challenge"]
[Site "http://www.queenalice.com/game.php?id=1642498"]
[Date "2021.2.3"]
[Round "-"]
[White "goodknight57"]
[Black "rumplestiltskin"]
[Result "0-1"]
[WhiteElo "1600"]
[BlackElo "1670"]

1. e4 c5 2. Nf3 d6 3. d4 Nf6 4. Nc3 a6 5. dxc5 Nc6 6. cxd6 e5 7. Bg5 h6 8. Bxf6
Qxf6 9. Bc4 Bd7 10. Nd5 Qd8 11. Nc7+ Qxc7 12. dxc7 Be6 13. Bxe6 fxe6 14. O-O Rc8
15. Qd3 Be7 16. Rfd1 Rxc7 17. Qc3 O-O 18. Nxe5 Bf6 19. Nd7 Bxc3 20. Nxf8 Kxf8
21. bxc3 Ne5 22. f4 Nf7 23. Rd3 Kg8 24. Rf1 Kh7 25. Rdf3 Nd6 26. e5 Nc4 0-1

[Event "pandemia"]
[Site "http://www.queenalice.com/game.php?id=1644663"]
[Date "2021.2.24"]
[Round "-"]
[White "goodknight57"]
[Black "caradepau"]
[Result "0-1"]
[WhiteElo "1612"]
[BlackElo "1626"]

1. e4 e5 2. Nf3 Nc6 3. d4 exd4 4. Nxd4 Nge7 5. Nc3 h6 6. Bc4 a6 7. O-O Nxd4 8.
Qxd4 b5 9. Bd3 Nc6 10. Qe3 Bb4 11. Nd5 O-O 12. Nxb4 Nxb4 13. Bd2 Nxd3 14. Qxd3
d6 15. Qd5 Be6 0-1

[Event "Challenge"]
[Site "http://www.queenalice.com/game.php?id=1648480"]
[Date "2021.4.2"]
[Round "-"]
[White "rumplestiltskin"]
[Black "goodknight57"]
[Result "1-0"]
[WhiteElo "1656"]
[BlackElo "1614"]

1. d4 Nf6 2. Nc3 e6 3. Nf3 Bb4 4. Bd2 O-O 5. a3 Bxc3 6. Bxc3 d5 7. e3 Nbd7 8.
Bd3 c5 9. Ng5 c4 10. Be2 h6 11. Nf3 1-0

[Event "Challenge"]
[Site "http://www.queenalice.com/game.php?id=1648521"]
[Date "2021.4.3"]
[Round "-"]
[White "goodknight57"]
[Black "dejami"]
[Result "0-1"]
[WhiteElo "1573"]
[BlackElo "1661"]

1. e4 e5 2. Nf3 Qf6 3. Bd3 g5 4. h3 h6 5. O-O d6 6. Nc3 c6 7. Re1 Qg6 8. b3 b5
9. a3 Be7 10. Bb2 h5 11. Ne2 g4 12. hxg4 hxg4 0-1

[Event "Challenge"]
[Site "http://www.queenalice.com/game.php?id=1648522"]
[Date "2021.4.3"]
[Round "-"]
[White "dejami"]
[Black "goodknight57"]
[Result "1-0"]
[WhiteElo "1647"]
[BlackElo "1587"]

1. e4 c5 2. Bc4 e6 3. d3 Nc6 4. c3 d5 5. exd5 exd5 6. Bb5 Bd7 7. Nf3 Nf6 8. O-O
Be7 9. Re1 O-O 10. h3 a6 11. Ba4 b5 12. Bc2 Re8 13. g4 1-0